ANA(全日本空輸)が就航する空港 - Statistics

General Stats
  • This quiz has been taken 305 times
  • The average score is 65 of 88
Answer Stats
Hint Answer % Correct
北海道 新千歳
98%
関東 成田
95%
関東 東京
95%
北海道 函館
94%
東北 青森
93%
東北 秋田
93%
東北 仙台
93%
関西 大阪
93%
山陽・山陰 広島
93%
中国・台湾 台北松山
93%
北海道 稚内
92%
東海・北陸 中部
92%
関西 関西
92%
山陽・山陰 岡山
92%
四国 高知
92%
九州・沖縄 福岡
91%
九州・沖縄 長崎
91%
九州・沖縄 熊本
91%
九州・沖縄 那覇
91%
関西 神戸
90%
山陽・山陰 鳥取
90%
四国 高松
90%
四国 徳島
90%
四国 松山
90%
九州・沖縄 鹿児島
90%
九州・沖縄 大分
89%
九州・沖縄 宮崎
89%
北海道 釧路
88%
東北 福島
88%
東海・北陸 静岡
87%
東海・北陸 富山
87%
九州・沖縄 佐賀
87%
九州・沖縄 石垣
86%
中国・台湾 北京首都
86%
北海道 女満別
85%
東海・北陸 小松
85%
東海・北陸 新潟
84%
韓国 金浦
83%
北米 ニューヨーク・JFK
82%
欧州 パリ
80%
欧州 ロンドン
80%
オセアニア シドニー
78%
山陽・山陰 米子
77%
九州・沖縄 宮古
77%
中国・台湾 上海紅橋
77%
中国・台湾 上海浦東
77%
北米 ロサンゼルス
77%
山陽・山陰 山口宇部
76%
山陽・山陰 岩国
75%
東北 庄内
72%
東南アジア バンコク
72%
東南アジア シンガポール
71%
中国・台湾 香港
70%
南アジア デリー
70%
九州・沖縄 対馬
68%
太平洋 ホノルル
68%
北海道 紋別
67%
中米 メキシコシティ
67%
北海道 中標津
66%
東海・北陸 能登
66%
東北 大館能代
65%
山陽・山陰 石見
64%
東南アジア ハノイ
64%
東南アジア ホーチミン
64%
北米 サンフランシスコ
64%
東南アジア ジャカルタ
63%
東南アジア クアラルンプール
63%
関東 八丈島
61%
北米 シカゴ
61%
東南アジア マニラ
58%
北米 ワシントン
57%
欧州 フランクフルト
57%
北米 シアトル
56%
北米 バンクーバー
55%
欧州 ミラノ
50%
中国・台湾 広州
49%
南アジア ムンバイ
48%
欧州 ウィーン
47%
欧州 ミュンヘン
47%
九州・沖縄 福江
46%
オセアニア パース
43%
北米 ヒューストン
43%
欧州 イスタンブール
42%
欧州 ストックホルム
42%
中国・台湾 大連
40%
中国・台湾 深圳
39%
欧州 ブリュッセル
34%
中国・台湾 杭州
22%
No matching quizzes found
Score Distribution
Percent of People with Each Score
Percentile by Number Answered
Your Score History
You have not taken this quiz